| 000 | 00504nam a2200181Ia 4500 | ||
|---|---|---|---|
| 008 | 151213s9999 xx 000 0 und d | ||
| 020 | _a0-07-136200-2 | ||
| 082 |
_a512.5 _b512.5 |
||
| 100 | _aSeymour Lipschutz/ Marc Lars Lipson | ||
| 245 |
_aLinear Algebra _cSeymour Lipschutz/ Marc Lars Lipson |
||
| 250 | _a3rd | ||
| 260 |
_aNew York _bMcGrawHill. _c2005 |
||
| 300 | _a11944 p. | ||
| 650 | _aMathematics | ||
| 650 | _aMathematics | ||
| 700 | _aSeymour Lipschutz/ Marc Lars Lipson | ||
| 999 |
_c5069 _d5069 |
||